000 00654nam a2200253Ia 4500
003 OSt
005 20220918213017.0
006 a|||||r|||| 00| 0
007 ta
008 220917b |||||||| |||| 00| 0 eng d
024 _a131,056
037 _cTextual
040 _aARTS
_cARTS
_beng
041 _2eng
_aeng
082 _aX:510aN, M0
100 _aMokwa Michael P Ed
_9125375
245 0 _aMarketing the arts
260 _aNew York
_bPraeger
_c1980
300 _axvii, 286p.
_ccm.
500 _aAppendix p281-282
650 _aECONOMICS
942 _hX:510aN, M0
_cTEXL
_2CC
999 _c254179
_d254179